书目信息 |
| 题名: |
微机系统原理与接口技术
|
|
| 作者: | 李相伟 主编 ;朱海凌 , 吕月娥 , 王翠平 编著 | |
| 分册: | ||
| 出版信息: | 北京 国防工业出版社 2007.07 |
|
| 页数: | X, 338页 | |
| 开本: | 26cm | |
| 丛书名: | ||
| 单 册: | ||
| 中图分类: | TP36 | |
| 科图分类: | ||
| 主题词: | 微型计算机--wei xing ji suan ji--理论--高等学校--教材 | |
| 电子资源: | ||
| ISBN: | 978-7-118-05194-0 | |
| 000 | 01152nam0 2200301 450 | |
| 001 | 012008939563 | |
| 005 | 20080603090746.46 | |
| 010 | @a978-7-118-05194-0@dCNY35.00 | |
| 100 | @a20080603d2007 em y0chiy0120 ea | |
| 101 | 0 | @achi |
| 102 | @aCN@b110000 | |
| 105 | @aak a 000yy | |
| 106 | @ar | |
| 200 | 1 | @a微机系统原理与接口技术@Awei ji xi tong yuan li yu jie kou ji shu@f李相伟主编@Fli xiang wei zhu bian@g朱海凌, 吕月娥, 王翠平编著@Gzhu hai ling,lu yue e,wang cui ping bian zhu |
| 205 | @a第2版 | |
| 210 | @a北京@c国防工业出版社@d2007.07 | |
| 215 | @aX, 338页@c图@d26cm | |
| 300 | @a21世纪高等院校规划教材 | |
| 320 | @a有书目 (第337页) | |
| 330 | @a本书共分10章,内容丰富,实用性强,既介绍了基本的接口技术,又加入了大量实际工作中的应用实例;既注重基本原理的讲解,又介绍了现代微机的结构、原理以及很多新技术。 | |
| 606 | 0 | @a微型计算机@Awei xing ji suan ji@x理论@x高等学校@j教材 |
| 690 | @aTP36@v4 | |
| 701 | 0 | @a李相伟@Ali xiang wei@4主编 |
| 702 | 0 | @a朱海凌@Azhu hai ling@4编著 |
| 702 | 0 | @a吕月娥@Alu yue e@4编著 |
| 702 | 0 | @a王翠平@Awang cui ping@4编著 |
| 801 | 0 | @aCN@bQSSK@c20080603 |
| 905 | @b723253-54@dTP36@eL297@f2 | |
| 微机系统原理与接口技术/李相伟主编/朱海凌, 吕月娥, 王翠平编著.-第2版.-北京:国防工业出版社,2007.07 |
| X, 338页:图;26cm |
| 21世纪高等院校规划教材 |
| ISBN 978-7-118-05194-0:CNY35.00 |
| 本书共分10章,内容丰富,实用性强,既介绍了基本的接口技术,又加入了大量实际工作中的应用实例;既注重基本原理的讲解,又介绍了现代微机的结构、原理以及很多新技术。 |
| ● |
| 相关链接 |
|
|
|
正题名:微机系统原理与接口技术
索取号:TP36/L297
 
预约/预借
| 序号 | 登录号 | 条形码 | 馆藏地/架位号 | 状态 | 备注 |
| 1 | 723253 | 207232537 | 自科库301/301自科库 92排1列2层/ [索取号:TP36/L297] | 在馆 | |
| 2 | 723254 | 207232546 | 自科库301/301自科库 92排1列2层/ [索取号:TP36/L297] | 在馆 |